01372cam a2200337 a 4500952014500000999001500145001000900160003000400169005001700173008004100190010001700231020001800248020001500266040001800281050002200299082002400321100002800345245005700373250001200430260004100442300003800483440006200521500009100583500002000674538014200694650004200836700002200878700004300900906004500943942004600988 00102ddc40708MANAGEMENTaMESbMEScMANAGEMENTd2019-02-20g640.00l0o658.4013 GIT/Qp37733r2019-02-20 00:00:00w2019-02-20yBKzGL55R2 c7952d795213555688OSt20201023152758.0040412s2005 maua 001 0 eng  a 2004049957 a9780070078062 a0070078068 aDLCcDLCdDLC00aTS156b.T587 200500a658.4013222bGIT/Q 91273aGitlow, Howard S 00aQuality management /cHoward S. Gitlow ... [et al.]. a3rd ed. aBoston :bMcGraw-Hill/Irwin,cc2005. axviii, 797 p. :bill. ;c24 cm. + 0aMcGraw-Hill/Irwin series Operations and decision sciences aRev. ed. of: Quality management / Howard Gitlow, Alan Oppenheim, Rosa Oppenheim. c1995 aIncludes index. aSystem requirements for accompanying CD-ROM: PC, Pentium processor, Windows 98/2000, Internet Explorer 5, Microsoft Office or equivalent. 0aQuality controlxStatistical methods.1 aGitlow, Howard S.1 aGitlow, Howard S.tQuality management. a7bcbccorignewd1eocipf20gy-gencatlg 2ddccBKh658.4013iGIT/Qk658.4013mGIT/Q